| 000 | 00941cam a22002895a 4500 | ||
|---|---|---|---|
| 003 | EG-ScBUE | ||
| 005 | 20220512094621.0 | ||
| 008 | 100920r20032000stk f d 000 0 eng d | ||
| 020 | _a185534923X | ||
| 020 | _a9781855349230 | ||
| 040 |
_aEG-ScBUE _beng _erda _cEG-ScBUE _dEG-ScBUE |
||
| 082 | 0 | 4 |
_a423 _bNEW _222 |
| 245 | 0 | 0 | _aNew English dictionary and thesaurus. |
| 250 |
_aCompact edition, _breprinted edition. |
||
| 264 | 1 |
_aNew Lanark, Scotland : _bGeddes and Grosset, _c2003. |
|
| 300 |
_a540 pages ; _c17 cm |
||
| 336 |
_2rdacontent _atext _btxt |
||
| 337 |
_2rdamedia _aunmediated _bn |
||
| 338 |
_2rdacarrier _avolume _bnc |
||
| 650 | 7 |
_aEnglish language _vDictionaries. _2BUEsh _919527 |
|
| 650 | 7 |
_aEnglish language _xSynonyms and antonyms. _2BUEsh _919528 |
|
| 650 | 7 |
_aEncyclopedias and dictionaries. _2BUEsh _919529 |
|
| 651 | _2BUEsh | ||
| 653 |
_bHHUUEENN _cSeptember2018 |
||
| 655 |
_vReading book _934232 |
||
| 942 |
_2ddc _cTXT |
||
| 999 |
_c3649 _d3649 |
||